Анализ и диагностика финансово-хозяйственной деятельности предприятия методические указания
Методические указания включают теоретический материал по темам лабораторных занятий изучаемого курса, задания для проведения лабораторных занятий, контрольные вопросы. Учебное издание предназначено для обучающихся по направлению подготовки 38.03.01 Экономика...
Сохранить в:
| Hovedforfatter: | |
|---|---|
| Format: | Книга |
| Sprog: | Russian |
| Udgivet: |
Самара
СамГАУ
2023
|
| Online adgang: | https://e.lanbook.com/book/488672 https://e.lanbook.com/img/cover/book/488672.jpg |
| Tags: |
Tilføj Tag
Ingen Tags, Vær først til at tagge denne postø!
|
| LEADER | 01504nam0a2200265 i 4500 | ||
|---|---|---|---|
| 001 | 488672 | ||
| 003 | RuSpLAN | ||
| 005 | 20250602212407.0 | ||
| 008 | 250602s2023 ru gs 000 0 rus | ||
| 040 | |a RuSpLAN | ||
| 041 | 0 | |a rus | |
| 044 | |a ru | ||
| 080 | |a 338 | ||
| 084 | |a 65.9(2)р |2 rubbk | ||
| 245 | 0 | 0 | |a Анализ и диагностика финансово-хозяйственной деятельности предприятия |b методические указания |c Пятова О. Ф. |
| 260 | |a Самара |b СамГАУ |c 2023 | ||
| 300 | |a 61 с. | ||
| 504 | |a Библиогр.: доступна в карточке книги, на сайте ЭБС Лань | ||
| 520 | 8 | |a Методические указания включают теоретический материал по темам лабораторных занятий изучаемого курса, задания для проведения лабораторных занятий, контрольные вопросы. Учебное издание предназначено для обучающихся по направлению подготовки 38.03.01 Экономика | |
| 521 | 8 | |a Книга из коллекции СамГАУ - Экономика и менеджмент | |
| 521 | 8 | |a СЭБ | |
| 100 | 1 | |a Пятова О. Ф. | |
| 856 | 4 | |u https://e.lanbook.com/book/488672 | |
| 856 | 4 | 8 | |u https://e.lanbook.com/img/cover/book/488672.jpg |
| 953 | |a https://e.lanbook.com/img/cover/book/488672.jpg | ||